• 首页
  • 本馆介绍
  • 公告通知
  • 最新文献
  • 馆藏检索
  • 电子资源
  • 读者导购
  • 参考咨询
  • 我的图书馆
  • 登录
  • 详细信息显示
  • 放入我的书架
  • 预约/预借图书
  • 作者相关作品
  • 分类相关作品
  • 丛书相关作品
  • 出版社相关作品

书目信息

  • 表格格式
  • 工作单格式
  • 卡片格式
题名:
知识产权基础知识
    
 
作者: ;全国干部培训教材编审指导委员会 组织编写
分册:  
出版信息: 北京   人民出版社  2004
页数: 408页
开本: 20cm
丛书名:
单 册:
中图分类: D913.04
科图分类:
主题词: 知识产权--干部教育--学习参考资料
电子资源:
ISBN: 7-01-004010-9
000 00742nam0 2200193 450
001 0754316475
005 20070725090052.68
010    @a7-01-004010-9@dCNY28.50
100    @a20070721d2004 km y0chiy0120 ea
101 0  @achi
102    @aCN@b110000
200 1  @a知识产权基础知识@Azhi shi chan quan ji chu zhi shi@f全国干部培训教材编审指导委员会组织编写@Fquan guo gan bu pei xun jiao cai bian shen zhi dao wei yuan hui zu zhi bian xie
210    @a北京@c人民出版社@d2004
215    @a408页@d20cm
606 0  @a知识产权@x干部教育@x学习参考资料
690    @aD913.04@v3
711 02 @a全国干部培训教材编审指导委员会@Aquan guo gan bu pei xun jiao cai bian shen zhi dao wei yuan hui@4组织编写
801  0 @aCN@bPFT@c20070725
905    @a10447@dD913.04@e375
    
    知识产权基础知识/全国干部培训教材编审指导委员会组织编写.-北京:人民出版社,2004
    408页;20cm
    
    
    ISBN 7-01-004010-9:CNY28.50
    
●
相关链接 在E读中查询图书 在五车中查询图书 在当当中查询图书 在豆瓣中查询图书


正题名:知识产权基础知识     索取号:D913.04/375         预约/预借

序号 登录号 条形码 馆藏地/架位号 状态 备注
1 0767369   207673695   第一样本阅览室/ [索取号:D913.04/375] 在馆    
唐山师范学院图书馆 欢迎您!
大连网信软件有限公司© 版权所有